=LDR 00000nam 2200000 4500 =001 INLIS000000000040206 =005 20140606104925.0 =006 =007 =008 Ind =035 ##$$a 0010-061300000040206 =041 ##$$a Ind =082 ##$$a 813 =090 ##$$a 813, Taj m =100 ##$$a Tajudin, Qaris =245 ##$$a Mahameru, Qans Tadin =260 ##$$a 2011 $b Jakarta =300 ##$$a 230 hlm, 20 cm =650 ##$$a Fiksi Dewasa =850 ##$$a NBPNMAT =990 ##$$a 92946/BPAP-NTB/2014 =990 ##$$a 93233/BPAP-NTB/2014 =990 ##$$a 21195123/BPAP-NTB/2014 =990 ##$$a 21195483/BPAP-NTB/2014 =990 ##$$a 21400613/BPAP-NTB/20142014